000 00451nam a2200145 a 4500
999 _c11505
_d11505
020 _a8122422446 (paperback)
020 _a9788122422443 (paperback)
100 1 _aSingh, M. K.
245 1 0 _aUnconventional Manufacturing Process /
260 _a[S.l.] :
_bNew Age International Pvt Ltd Publishers,
_c2008.
300 _a209 p. ;
650 _aManufacturing
856 4 0 _uhttp://www.amazon.com/exec/obidos/ASIN/8122422446/chopaconline-20
942 _cBK